[Event "ARA Campeonato de Aragon por Equipos Preferente Grupo II (204366)"]
[Site "Aragon"]
[Date "2019.02.23"]
[Round "5.3.1"]
[White "Chueca Lorente, Javier"]
[Black "Escartin Lacasa, Jose"]
[Result "1/2-1/2"]
[WhiteElo "2122"]
[BlackElo "1976"]
[PlyCount "0"]
[WhiteTeam "St. Casablanca B"]
[BlackTeam "Jaque B"]
[EventDate "2019.01.26"]

1.c4 c6 2.Nf3 d5 3.e3 Nf6 4.Nc3 e6 5.b3 Bd6 6.Bb2 O-O 7.Qc2 (7.d4) 7...Qe7 8.
Be2 e5 9.cxd5 Nxd5 10.O-O (10.d4) 10...Re8 11.Rac1 Bg4 12.e4 (12.Ne4) 12...Nf4
13.d3 Na6 14.Qd2 Nxe2+ 15.Nxe2 Bxf3 16.gxf3 Qf6 17.Qe3 (17.f4 Qh6 18.Kh1 exf4
19.Rg1) 17...Qh4 18.Ng3 Re6 (18...g6) 19.Nf5 Qh3 20.Kh1 Bc5 21.Qe2 (21.d4)
21...Rd8 22.Rg1 Bf8 23.Rg3 Qh5 24.Rcg1 Rg6 25.Bxe5 Nc5 26.d4 (26.Bxg7 Nxd3 27.
Bxf8 Kxf8 28.h4) 26...Ne6 27.Qe3 f6 (27...Rxg3 28.Rxg3 g6 29.Rg1) 28.Bf4 Rxg3
29.Rxg3 g6 30.Rg1 Kh8 31.Ng3 Qa5 32.Ne2 Qxa2 33.e5 Nxf4 34.Nxf4 fxe5 35.Qxe5+
Bg7 36.Qe7 Qa5 37.Ne6 Rg8 38.Ng5 (38.Rg4) 38...h6 39.Nf7+ Kh7 40.Qxb7 Qd5 41.
Ne5 Qxd4 42.Nxg6 Qd5 43.Rg3 Qd6 44.Ne7 Rb8 45.Rxg7+ Kh8 46.Ng6+ (46.Qxa7 Qd1+
47.Kg2 Kxg7 48.Nxc6+ Kg6 49.Qxb8) 46...Qxg6 47.Rxg6 Rxb7 48.Rxh6+ Kg8 49.Rxc6
Rxb3 50.Rc8+ Kg7 51.Rc7+ Kg6 52.Rxa7 Rxf3 53.Kg2 Rb3 54.Ra5 Rc3 55.f3 Rb3 56.
Kg3 Rb2 57.h4 Rb4 58.Rg5+ Kf6 59.Rg4 Rb8 60.Ra4 Kg6 61.Kf4 Kh5 62.Ke3 Rb3+ 63.
Kf2 Rb1 64.Rd4 Ra1 65.Re4 Rb1 66.Rd4 Ra1 67.Kg3 Rg1+ 68.Kf4 Kxh4 69.Kf5+ (69.
Rd8) 69...Kh5 70.f4 Ra1 71.Rd5 Kh6 72.Ke6 Kg7 73.Rd7+ Kf8 74.Rd8+ Kg7 75.Rd7+
Kf8 76.Rd6 Ra7 77.f5 Re7+ 78.Kf6 Rf7+ 79.Ke5 Re7+ 80.Re6 Ra7 81.Kf6 Rf7+ 82.
Kg5 Rg7+ 83.Rg6 Ra7 84.Rh6 Rg7+ 85.Rg6 Ra7 86.Rf6+ Kg7 87.Rb6 Kf7 88.Rh6 Kf8
89.Kg6 Rg7+ 90.Kf6 Rf7+ 91.Ke5 Re7+ 92.Re6 Ra7 93.Rf6+ Kg7 1/2-1/2

[Event "ARA Campeonato de Aragon por Equipos Preferente Grupo II (204366)"]
[Site "Aragon"]
[Date "2019.02.23"]
[Round "5.3.2"]
[White "Buisan Zaharia, Pedro"]
[Black "Sanjulian Arruga, Pablo"]
[Result "1/2-1/2"]
[WhiteElo "1918"]
[BlackElo "1850"]
[PlyCount "0"]
[WhiteTeam "Jaque B"]
[BlackTeam "St. Casablanca B"]
[EventDate "2019.01.26"]

1.d4 Nf6 2.Nf3 e6 3.c4 c5 4.e3 b6 5.Bd3 Bb7 6.O-O d5 7.cxd5 Nxd5 8.Nc3 cxd4 9.
Nxd5 Qxd5 10.exd4 Be7 11.Re1 Qh5 12.Be4 (12.Re5 Bxf3 13.Qa4+ Bc6 14.Bb5 f5 15.
Bxc6+ Nxc6 16.Qxc6+ Kf8 17.Qxa8+ Kf7 18.Qe4 Rd8 19.Bf4) (12.Qa4+ Bc6 13.Qc2
Bxf3 14.Qc8+ Bd8 15.gxf3 O-O (15...Qxf3 16.Bb5+ Ke7 17.Bg5+ Kd6 18.Rxe6+ fxe6
19.Bxd8 Qg4+ 20.Kf1 Qh3+ 21.Ke1 Qf5 22.Qc7+ Kd5 23.f3 e5 24.Bc4+ Kxd4 25.Be2
Kd5 26.Qc4+ Kd6 27.Rd1+) 16.Qb7) 12...Bxe4 13.Rxe4 Nc6 14.Re2 O-O 15.Be3 Rac8
16.Rc1 Nb4 17.a3 Nd5 18.Rec2 Rxc2 19.Qxc2 Bd6 20.Qe4 Qg6 21.Qxg6 hxg6 22.Bd2
Rd8 23.g3 f6 24.Kg2 Kf7 25.h4 Ke7 26.Rc2 Kd7 27.Kf1 Rc8 28.Rxc8 Kxc8 29.Ke2 b5
30.Kd3 Nb6 31.Bc1 Kd7 32.Nd2 Kc6 33.Ne4 Be7 34.b3 a6 35.Bb2 Nd5 36.Nd2 Bd8 37.
Ne4 Be7 38.Nd2 f5 39.Nf3 Bf6 40.Ne5+ Bxe5 41.dxe5 Ne7 42.Kd4 f4 43.g4 Nd5 44.
Bc1 f3 45.Bd2 Kb6 46.Ke4 Kc5 47.Kxf3 Kd4 48.Ke2 Kxe5 49.Bc1 Nf4+ 50.Kf3 Nd3
51.Be3 Kd5 52.Ke2 Ne5 53.f3 Nc6 54.Kd3 Ne5+ 55.Ke2 Nc6 56.Kd3 Ne5+ 1/2-1/2

[Event "ARA Campeonato de Aragon por Equipos Preferente Grupo II (204366)"]
[Site "Aragon"]
[Date "2019.02.23"]
[Round "5.3.3"]
[White "Ayensa Garcia, Miguel Angel"]
[Black "Buisac Anadon, Pablo"]
[Result "1-0"]
[WhiteElo "1849"]
[BlackElo "1864"]
[PlyCount "0"]
[WhiteTeam "St. Casablanca B"]
[BlackTeam "Jaque B"]
[EventDate "2019.01.26"]

1. Nf3 d5 2. c4 c6 3. g3 Nf6 4. Bg2 e6 5. O-O Be7 6. d4 O-O 7. Nc3 Nbd7 8. Qc2 
b6 9. Rd1 Bb7 10. e4 dxc4 11. a4 a6 12. e5 Nd5 13. Ne4 b5 14. Neg5 g6 15. Qe4 
Kg7 16. Qh4 Rh8 17. Qh3 h6 18. Ne4 c5 19. dxc5 Nxc5 20. Nxc5 Bxc5 21. Nd2 Qe7 
22. Ne4 b4 23. Nf6 Rad8 24. Qh4 c3 25. bxc3 bxc3 26. Be4 Bc6 27. Rd3 Nb4 28. 
Rxd8 Qxd8 29. Bxh6+ Rxh6 30. Nh5+ Rxh5 31. Qxd8 Bxe4 32. Qf6+ Kg8 33. Qd8+ Kg7 
34. Qf6+ Kg8 35. Qd8+ Kh7 36. Qc7 Bf8 37. Qxc3 Rf5 38. f4 g5 39. Rf1 Nd3 40. Rd1 
Bc5+ 41. Kf1 gxf4 42. g4 Rxe5 43. Rxd3 Bxd3+ 44. Qxd3+ Kg8 45. Qxa6 Be3 46. Qc8+ 
Kh7 47. Qc7 Rd5 48. Qxf7+ Kh8 49. g5 1-0

[Event "ARA Campeonato de Aragon por Equipos Preferente Grupo II (204366)"]
[Site "Aragon"]
[Date "2019.02.23"]
[Round "5.3.4"]
[White "Carrasquer Alonso, Luis"]
[Black "Ayensa Vazquez, Jose Angel"]
[Result "1-0"]
[WhiteElo "1840"]
[BlackElo "1431"]
[PlyCount "0"]
[WhiteTeam "Jaque B"]
[BlackTeam "St. Casablanca B"]
[EventDate "2019.01.26"]


1.e4 c5 2.Nf3 d6 3.Bb5+ Bd7 4.Bxd7+ Nxd7 5.d4 cxd4 6.Nxd4 Ngf6 7.Nc3 a6 8.O-O
e6 9.Be3 Be7 10.Qe2 Nc5 11.Qf3 Qd7 12.Rad1 O-O 13.Nb3 Nxb3 14.axb3 e5 15.Nd5
Nxd5 16.Rxd5 Rac8 17.c3 Rc6 18.Rfd1 Qe6 19.Qe2 Bd8 20.Qd3 Bc7 21.c4 Rd8 22.Bd2
Bb6 23.Bc3 Qf6 24.Rd2 h6 25.Bxe5 dxe5 26.Rxd8+ Bxd8 27.Qxd8+ Qxd8 28.Rxd8+ Kh7
29.Kf1 Rb6 30.Rd3 Kg6 31.Ke2 Kg5 32.Kd2 f5 33.exf5 Kxf5 34.Kc3 Ke4 35.f3+ Kf4
36.b4 g5 37.c5 Rc6 38.Rd7 b5 39.Rd6 Rc8 40.Rxa6 h5 41.Rf6+ Ke3 42.Rf5 e4 43.
Re5 Kf2 44.fxe4 g4 45.Rxh5 Kxg2 46.e5 Rf8 47.e6 Rf3+ 48.Kd4 Rh3 49.Rxh3 Kxh3
50.e7 Kxh2 51.e8=Q g3 52.Qg6 1-0

[Event "ARA Campeonato de Aragon por Equipos Preferente Grupo II (204366)"]
[Site "Aragon"]
[Date "2019.02.23"]
[Round "5.4.1"]
[White "Manguez Tomas, Andres"]
[Black "Malo Guillen, Jose Luis"]
[Result "1/2-1/2"]
[WhiteElo "1933"]
[BlackElo "2140"]
[PlyCount "0"]
[WhiteTeam "Agrupacion C"]
[BlackTeam "Las Fuentes"]
[EventDate "2019.01.26"]

1. d4 Nf6 2. c4 e6 3. g3 c5 4. Bg2 cxd4 5. Qxd4 Nc6 6. Qd1 d5 7. cxd5 Nxd5 8.
Nf3 Be7 9. O-O O-O 10. Bd2 Bf6 11. Qc1 e5 12. Nc3 Nxc3 13. Bxc3 Nd4 14. Nxd4
exd4 15. Bb4 Re8 16. Qd2 Rb8 17. Rad1 Bg4 18. f3 Be6 19. b3 Qb6 20. Kh1 Rbc8
1/2-1/2

[Event "ARA Campeonato de Aragon por Equipos Preferente Grupo II (204366)"]
[Site "Aragon"]
[Date "2019.02.23"]
[Round "5.4.2"]
[White "Alonso Blasco, Jose Miguel"]
[Black "Carruez Gracia, Eduardo"]
[Result "1/2-1/2"]
[WhiteElo "1958"]
[BlackElo "1894"]
[PlyCount "0"]
[WhiteTeam "Las Fuentes"]
[BlackTeam "Agrupacion C"]
[EventDate "2019.01.26"]

1. e4 e6 2. d4 d5 3. Nd2 Be7 4. Ngf3 c5 5. exd5 Qxd5 6. Bc4 Qd8 7. O-O Nf6 8.
Nb3 cxd4 9. Nbxd4 O-O 10. Qe2 Bd7 11. Rd1 Qc7 12. Ne5 a6 13. Bf4 Qb6 14. a4 Bc5
15. a5 Qd8 16. Nb3 Ba7 17. Bg5 Qe7 18. Ng4 Re8 19. Nxf6+ gxf6 20. Bh4 Bc6 21.
Qg4+ Kh8 22. Qf4 Kg7 23. Qg4+ Kh8 1/2-1/2

[Event "ARA Campeonato de Aragon por Equipos Preferente Grupo II (204366)"]
[Site "Aragon"]
[Date "2019.02.23"]
[Round "5.4.3"]
[White "Gimeno Diaz, Fernando"]
[Black "Querol Soro, Sergio"]
[Result "1/2-1/2"]
[WhiteElo "1733"]
[BlackElo "1927"]
[PlyCount "0"]
[WhiteTeam "Agrupacion C"]
[BlackTeam "Las Fuentes"]
[EventDate "2019.01.26"]

1. d4 g6 2. Nf3 Bg7 3. c4 Nf6 4. Nc3 d5 5. cxd5 Nxd5 6. e4 Nxc3 7. bxc3 c5 8.
Rb1 O-O 9. Bc4 Qa5 10. Bd2 a6 11. O-O Nc6 12. Qc1 Bg4 13. Rxb7 Bxf3 14. gxf3
cxd4 15. cxd4 Qh5 16. Bxf7+ Rxf7 17. Qxc6 Qxf3 18. Rxe7 Qg4+ 1/2-1/2

[Event "ARA Campeonato de Aragon por Equipos Preferente Grupo II (204366)"]
[Site "Aragon"]
[Date "2019.02.23"]
[Round "5.4.4"]
[White "Edeso Perez, Francisco"]
[Black "Pedrol Aguila, Mario"]
[Result "1-0"]
[WhiteElo "1831"]
[BlackElo "1568"]
[PlyCount "0"]
[WhiteTeam "Las Fuentes"]
[BlackTeam "Agrupacion C"]
[EventDate "2019.01.26"]

1. d4 c5 2. e3 cxd4 3. exd4 d5 4. c4 Nf6 5. Nc3 Nc6 6. Nf3 Bf5 7. a3 Rc8 8.
cxd5 Nxd5 9. Be2 g6 10. Qb3 Nb6 11. d5 Nb8 12. Bd2 Bg7 13. O-O O-O 14. Rac1
Bxc3 15. Bxc3 Qxd5 16. Qb4 Nc6 17. Qh4 Qe4 18. Qh6 1-0

[Event "ARA Campeonato de Aragon por Equipos Preferente Grupo II (204366)"]
[Site "Aragon"]
[Date "2019.02.23"]
[Round "5.5.1"]
[White "Bayona Bafaluy, Jose Maria"]
[Black "Farinas Argudo, Adrian"]
[Result "0-1"]
[WhiteElo "1813"]
[BlackElo "1794"]
[PlyCount "0"]
[WhiteTeam "Binefar"]
[BlackTeam "Marcos Frechin B"]
[EventDate "2019.01.26"]

1. e4 e5 2. Nc3 Nf6 3. g3 Nc6 4. Bg2 Bc5 5. Nge2 d6 6. O-O Be6 7. h3 O-O 8. d3
Nd7 9. Kh2 f5 10. f4 exf4 11. d4 fxg3+ 12. Kxg3 f4+ 13. Rxf4 Bb6 14. Rxf8+ Qxf8
15. d5 Qf2+ 16. Kh2 Nce5 17. dxe6 Nf3+ 18. Kh1 Ne1 19. Qxe1 Qxe1+ 20. Kh2 Ne5
21. Rb1 Qf2 22. Kh1 Nf3 23. Bxf3 Qxf3+ 24. Kh2 Qf2+ 25. Kh1 Qh4 26. Ng1 Re8 27.
Bd2 Rxe6 28. Be1 Qh6 29. Bg3 Bxg1 30. Rxg1 Qxh3+ 31. Bh2 0-1

[Event "ARA Campeonato de Aragon por Equipos Preferente Grupo II (204366)"]
[Site "Aragon"]
[Date "2019.02.23"]
[Round "5.5.2"]
[White "Hususan, Melisa"]
[Black "Garcia Alriols, Jesus"]
[Result "1/2-1/2"]
[WhiteElo "1763"]
[BlackElo "1806"]
[PlyCount "0"]
[WhiteTeam "Marcos Frechin B"]
[BlackTeam "Binefar"]
[EventDate "2019.01.26"]

1. e4 e6 2. d3 d5 3. Nd2 Nf6 4. g3 b6 5. Bg2 Bb7 6. e5 Nfd7 7. f4 c5 8. Ngf3
Nc6 9. O-O Be7 10. Qe2 Qc7 11. c3 O-O-O 12. d4 g6 13. a3 h6 14. b4 c4 15. b5
Na5 16. Ne1 Rdg8 17. Nc2 Qd8 18. Nb4 Nb8 19. a4 h5 20. h3 Qf8 21. Ba3 Qh6 22.
Rf2 Rd8 23. Nc2 Qf8 24. Bb4 Nd7 25. Rb1 Kb8 26. Qf3 Rc8 27. Qe3 Ba8 28. Qf3 Qd8
29. Qe3 1/2-1/2

[Event "ARA Campeonato de Aragon por Equipos Preferente Grupo II (204366)"]
[Site "Aragon"]
[Date "2019.02.23"]
[Round "5.5.3"]
[White "Saura Solano, Jose Luis"]
[Black "Alas Sebastian, Yasmina"]
[Result "1-0"]
[WhiteElo "1773"]
[BlackElo "1729"]
[PlyCount "0"]
[WhiteTeam "Binefar"]
[BlackTeam "Marcos Frechin B"]
[EventDate "2019.01.26"]

1. Nf3 Nf6 2. c4 g6 3. g3 Bg7 4. Bg2 O-O 5. d4 d6 6. Nc3 Nbd7 7. O-O e5 8. dxe5
dxe5 9. Bg5 h6 10. Bxf6 Qxf6 11. Nb5 Qb6 12. Rb1 a6 13. Nc3 Qc5 14. b3 c6 15.
Ne4 Qa3 16. Nd6 Nc5 17. Nxc8 Raxc8 18. Qc2 Ne6 19. Rbd1 Rfd8 20. e3 Qa5 21. Qb1
Qc7 22. Qc2 a5 23. Rxd8+ Rxd8 24. Rd1 Nc5 25. Rxd8+ Qxd8 26. Qd2 Qxd2 27. Nxd2
Nd3 28. Kf1 Nc1 29. a4 Kf8 30. Be4 Na2 31. c5 Ke7 32. Nc4 f5 33. Bb1 Nc1 34.
Nxa5 Kd7 35. Ke1 e4 36. Kd2 Nd3 37. Bxd3 exd3 38. Kxd3 Kc7 39. Nc4 Bf8 40. b4
Bg7 41. f3 Kd7 42. e4 fxe4+ 43. fxe4 Kc7 44. e5 Kd7 45. Ke4 Bf8 46. g4 Bg7 47.
Nd6 Ke6 48. Nc4 Kd7 49. h4 Bf8 50. h5 g5 51. Kf5 Be7 52. Nd6 Kc7 53. Ke6 Bd8
54. Kf7 1-0

[Event "ARA Campeonato de Aragon por Equipos Preferente Grupo II (204366)"]
[Site "Aragon"]
[Date "2019.02.23"]
[Round "5.5.4"]
[White "Moya Gimeno, Raul"]
[Black "Arino Castan, Federico"]
[Result "1-0"]
[WhiteElo "1710"]
[BlackElo "1727"]
[PlyCount "0"]
[WhiteTeam "Marcos Frechin B"]
[BlackTeam "Binefar"]
[EventDate "2019.01.26"]

1. e4 e6 2. d3 d5 3. Nd2 c5 4. Ngf3 Nc6 5. g3 Bd6 6. Bg2 Nge7 7. O-O O-O 8. Re1
Rb8 9. e5 Bc7 10. Nf1 Ng6 11. Bg5 Qe8 12. c3 Ncxe5 13. Nxe5 Bxe5 14. h4 f6 15.
h5 Ne7 16. Bh4 Bc7 17. d4 cxd4 18. cxd4 Qf7 19. g4 g6 20. Rc1 Bf4 21. Rc3 g5
22. Bg3 Bxg3 23. Nxg3 Bd7 24. Rc7 Nc6 25. Bxd5 exd5 26. Nf5 Bxf5 27. Rxf7 Kxf7
28. gxf5 Rbd8 29. h6 Kg8 30. Kf1 Rf7 31. Re6 Kf8 32. Qb3 Kg8 33. Qe3 Kf8 34. a3
a5 35. b3 Ne7 36. Qd3 Nc6 37. Qc3 Kg8 38. Qc5 g4 39. b4 axb4 40. axb4 Rc8 41.
Qxd5 Nxb4 42. Qb3 Nc6 43. Rxf6 Rcf8 44. Rxf7 Rxf7 45. d5 Nd4 46. Qd3 Nxf5 47.
d6 g3 48. d7 g2+ 49. Kg1 1-0

[Event "División de Honor Aragonesa 2019 - Encuentros por tableros Global"]
[Site ""]
[Date "2019.03.02"]
[Round "6.1"]
[White "Forcen Esteban, Daniel"]
[Black "Salamero Pelay, Fernando"]
[Result "1-0"]
[WhiteElo "2567"]
[BlackElo "2099"]
[PlyCount "0"]
[WhiteTeam "Jaime Casas"]
[BlackTeam "Atletismo Huesca"]
[EventDate "2019.01.26"]

1. Nf3 Nf6 2. c4 g6 3. d4 Bg7 4. Nc3 O-O 5. Bg5 d6 6. e3 h6 7. Bh4 Qe8 8. Bxf6
exf6 9. g3 c6 10. Bg2 Bg4 11. h3 Bxf3 12. Bxf3 Nd7 13. g4 Nb6 14. b3 Qe6 15.
Qd3 Rfe8 16. Ne2 Qe7 17. h4 c5 18. h5 d5 19. cxd5 cxd4 20. Nxd4 Qb4+ 21. Kf1
Rad8 22. hxg6 Nxd5 23. gxf7+ Kxf7 24. Rc1 Kf8 25. Bxd5 1-0

[Event "División de Honor Aragonesa 2019 - Encuentros por tableros Global"]
[Site ""]
[Date "2019.03.02"]
[Round "6.2"]
[White "Gella Lopez, Angel"]
[Black "Antoli Royo, Joaquin Miguel"]
[Result "0-1"]
[WhiteElo "2100"]
[BlackElo "2438"]
[PlyCount "0"]
[WhiteTeam "Atletismo Huesca"]
[BlackTeam "Jaime Casas"]
[EventDate "2019.01.26"]

1. d4 Nf6 2. c4 c5 3. d5 e5 4. Nc3 d6 5. e4 Be7 6. Bd3 Nbd7 7. Nge2 a6 8. Ng3
h5 9. h4 g6 10. Bg5 Nf8 11. Nf1 Bd7 12. g3 N8h7 13. Bd2 b5 14. cxb5 axb5 15.
Nxb5 Nxe4 16. Nc3 Nxd2 17. Nxd2 f5 18. Qe2 Nf6 19. Bb5 O-O 20. Bxd7 Nxd7 21.
Nc4 Nb6 22. Nxb6 Qxb6 23. O-O Bf6 24. Qb5 Qd8 25. a4 e4 26. Ra2 Bd4 27. Ne2 Be5
28. Qb3 f4 29. gxf4 Bxf4 30. Qh3 Be5 31. Ra3 Kg7 32. f4 exf3 33. Raxf3 Rxf3 34.
Qxf3 Rxa4 35. Qf7+ Kh6 36. Nf4 Qf6 37. Qxf6 Bxf6 38. Ng2 Bxb2 0-1

[Event "División de Honor Aragonesa 2019 - Encuentros por tableros Global"]
[Site ""]
[Date "2019.03.02"]
[Round "6.3"]
[White "Ramiro Ovejero, Juan Luis"]
[Black "Bellosta Lopez, Pablo"]
[Result "1-0"]
[WhiteElo "2358"]
[BlackElo "2051"]
[PlyCount "0"]
[WhiteTeam "Jaime Casas"]
[BlackTeam "Atletismo Huesca"]
[EventDate "2019.01.26"]

1. e4 c5 2. Nf3 d6 3. Bb5+ Nd7 4. O-O a6 5. Bd3 Ngf6 6. c3 b5 7. Bc2 Bb7 8. Re1
c4 9. b4 Qb6 10. a4 Ng4 11. Qe2 g6 12. axb5 axb5 13. Rxa8+ Bxa8 14. d4 Bg7 15.
Ng5 Nh6 16. Qf3 O-O 17. Qh3 Kh8 18. Qxd7 e6 19. Na3 1-0

[Event "División de Honor Aragonesa 2019 - Encuentros por tableros Global"]
[Site ""]
[Date "2019.03.02"]
[Round "6.4"]
[White "Gella Bitrian, Diego"]
[Black "Gines Esteo, Pedro Antonio"]
[Result "1-0"]
[WhiteElo "2023"]
[BlackElo "2318"]
[PlyCount "0"]
[WhiteTeam "Atletismo Huesca"]
[BlackTeam "Jaime Casas"]
[EventDate "2019.01.26"]

1. e4 c6 2. d4 d5 3. exd5 cxd5 4. c4 Nf6 5. Nc3 g6 6. cxd5 Nxd5 7. Qb3 Nb6 8.
Nf3 Bg7 9. Bf4 O-O 10. Rd1 N8d7 11. Nb5 Nf6 12. Bc7 Qd5 13. Nxa7 Qe4+ 14. Be2
Nbd5 15. Nxc8 Rfxc8 16. Bg3 Qc2 17. Qxb7 Rxa2 18. Ba6 Rc6 19. Bd3 Rxb2 20. Bxc2
Rxb7 21. Bd3 Re6+ 22. Ne5 Rb4 23. O-O Rxd4 24. Bxg6 hxg6 25. Rxd4 Ra6 26. Rc4
Bh6 27. h3 Nh5 28. Bh2 Bf4 29. Bxf4 Nhxf4 30. Rd1 Ra2 31. Rc8+ Kg7 32. Rd8 f6
33. Nc6 e6 34. Rd7+ Kh6 35. Nd8 Nc3 36. R1d2 Ra1+ 37. Kh2 e5 38. Nf7+ Kh5 39.
g4+ Kh4 40. Rd8 Ne4 41. Rh8+ Nh5 42. Re2 Nc3 43. Rc2 Nb5 44. gxh5 gxh5 45. Rg8
Nd4 46. Rc4 Ra3 47. Rg3 Ra2 48. Kg2 f5 49. Nh8 Ra6 50. Ng6+ Rxg6 51. Rxg6 f4
52. Rxd4 1-0

[Event "División de Honor Aragonesa 2019 - Encuentros por tableros Global"]
[Site ""]
[Date "2019.03.02"]
[Round "6.5"]
[White "Garza Marco, Sergio"]
[Black "Adla, Diego"]
[Result "1-0"]
[WhiteElo "2407"]
[BlackElo "2441"]
[PlyCount "0"]
[WhiteTeam "Helios"]
[BlackTeam "St. Casablanca"]
[EventDate "2019.01.26"]

1. d4 Nf6 2. c4 e6 3. Nc3 Bb4 4. f3 d5 5. a3 Bxc3+ 6. bxc3 c5 7. cxd5 exd5 8.
e3 O-O 9. Bd3 b6 10. Ne2 Ba6 11. O-O Re8 12. Ng3 Bxd3 13. Qxd3 Nc6 14. Bb2 c4
15. Qd2 h5 16. Rae1 h4 17. Nh1 h3 18. gxh3 Re6 19. Ng3 Qd7 20. Qg2 Nh7 21. e4
Ne7 22. Kh1 Rf8 23. e5 f5 24. f4 Rh6 25. Rg1 Nc6 26. Nf1 Rf7 27. a4 Nf8 28. Ne3
Ne7 29. Ba3 Nfg6 30. e6 1-0

[Event "División de Honor Aragonesa 2019 - Encuentros por tableros Global"]
[Site ""]
[Date "2019.03.02"]
[Round "6.6"]
[White "Glavina, Pablo"]
[Black "Guzman Moneo, Alberto"]
[Result "1-0"]
[WhiteElo "2397"]
[BlackElo "2170"]
[PlyCount "0"]
[WhiteTeam "St. Casablanca"]
[BlackTeam "Helios"]
[EventDate "2019.01.26"]

1. c4 e5 2. Nc3 Bb4 3. Nf3 Nc6 4. Qc2 Nf6 5. e3 O-O 6. Nd5 Re8 7. Qf5 d6 8.
Nxf6+ Qxf6 9. Qxf6 gxf6 10. a3 Ba5 11. b4 Bb6 12. Bb2 Bg4 13. h3 Bh5 14. d3 a5
15. b5 Nd8 16. g4 Bg6 17. h4 h6 18. g5 hxg5 19. hxg5 fxg5 20. Nxg5 Kg7 21. Kd2
f6 22. Nf3 Ne6 23. Be2 Rh8 24. Nh4 Bh7 25. Bf3 Rab8 26. Bc3 f5 27. Bd5 Kf6 28.
f4 Rhg8 29. Raf1 Nc5 30. Rh2 Rg3 31. fxe5+ Ke7 32. exd6+ cxd6 33. Nxf5+ Bxf5
34. Rxf5 Re8 35. Bd4 Kd8 36. Kc2 Na4 37. Bf3 Bxd4 38. exd4 Re7 39. Rh6 Kc7 40.
Kb3 Nb6 41. c5 dxc5 42. dxc5 Nd7 43. b6+ Kd8 44. Rh8+ Re8 45. Rxe8+ Kxe8 46.
Be4 Ke7 47. Kc3 Ke6 48. Rh5 Nf6 49. Rh6 Rg7 50. Kc4 Ke5 51. d4+ Ke6 52. Kb5 a4
53. Bxb7 Rxb7 54. c6 Rg7 55. b7 1-0

[Event "División de Honor Aragonesa 2019 - Encuentros por tableros Global"]
[Site ""]
[Date "2019.03.02"]
[Round "6.7"]
[White "Cerrajeria Ruiz, Jesus Maria"]
[Black "Quintin Navarro, Alberto"]
[Result "0-1"]
[WhiteElo "2137"]
[BlackElo "2391"]
[PlyCount "0"]
[WhiteTeam "Helios"]
[BlackTeam "St. Casablanca"]
[EventDate "2019.01.26"]

1. g3 c5 2. Bg2 g6 3. d4 cxd4 4. Qxd4 Nf6 5. c4 Bg7 6. Nc3 O-O 7. Qh4 Nc6 8.
Nf3 d6 9. O-O Be6 10. Ng5 Bd7 11. Nd5 h5 12. Rd1 Ne5 13. Nxf6+ Bxf6 14. Bxb7
Rb8 15. Be4 Qc7 16. b3 Nxc4 17. Rb1 Ne5 18. h3 Bb5 19. Rb2 Rbc8 20. g4 Qxc1 21.
Rxc1 Rxc1+ 22. Kg2 Rc5 23. b4 Rc4 24. f3 Kg7 25. gxh5 Rh8 26. Qg3 Rxh5 27. h4
e6 {Tiempo.} 0-1

[Event "División de Honor Aragonesa 2019 - Encuentros por tableros Global"]
[Site ""]
[Date "2019.03.02"]
[Round "6.8"]
[White "Arjol Lopez, Daniel"]
[Black "Aparicio Navarro, Pedro"]
[Result "1-0"]
[WhiteElo "2167"]
[BlackElo "2119"]
[PlyCount "0"]
[WhiteTeam "St. Casablanca"]
[BlackTeam "Helios"]
[EventDate "2019.01.26"]

1. c4 Nf6 2. Nc3 g6 3. e4 d6 4. d4 Bg7 5. Nf3 O-O 6. Be2 e5 7. d5 Nbd7 8. Bg5
h6 9. Be3 Ne8 10. g4 a5 11. h4 f5 12. gxf5 gxf5 13. exf5 Nc5 14. Qd2 Kh7 15.
Ng5+ hxg5 16. hxg5+ Kg8 17. f6 Nxf6 18. gxf6 Qxf6 19. O-O-O Bf5 20. Rdg1 Ne4
21. Nxe4 Bxe4 22. Rh6 Qe7 23. Bd3 Bxd3 24. Qxd3 Rf7 25. Qh7+ Kf8 26. Qh8+ 1-0

[Event "División de Honor Aragonesa 2019 - Encuentros por tableros Global"]
[Site ""]
[Date "2019.03.02"]
[Round "6.9"]
[White "Cifuentes Parada, Roberto"]
[Black "Barrantes Munoz, Hugo Pedro"]
[Result "0-1"]
[WhiteElo "2445"]
[BlackElo "2200"]
[PlyCount "0"]
[WhiteTeam "Jaque"]
[BlackTeam "Agrupacion"]
[EventDate "2019.01.26"]

1. d4 Nf6 2. Nf3 e6 3. Bg5 h6 4. Bh4 d5 5. Nbd2 Be7 6. e3 c5 7. c3 Nbd7 8. Bd3
b6 9. O-O Bb7 10. Ne5 Nxe5 11. dxe5 Nd7 12. Bxe7 Qxe7 13. f4 O-O-O 14. Qe2 f6
15. exf6 gxf6 16. e4 Nb8 17. Rae1 d4 18. c4 h5 19. Rf3 Rdg8 20. Qf2 Nc6 21. a3
Nd8 22. Rg3 Rxg3 23. Qxg3 h4 24. Qg4 Bc6 25. Nf3 Qh7 26. Kf2 Bd7 27. g3 e5 28.
f5 hxg3+ 29. Qxg3 Be8 30. b4 Bh5 31. bxc5 Bxf3 32. Kxf3 Rg8 0-1

[Event "División de Honor Aragonesa 2019 - Encuentros por tableros Global"]
[Site ""]
[Date "2019.03.02"]
[Round "6.10"]
[White "Remiro Juste, Fernando Jose"]
[Black "Ereza Vizcarra, Fernando"]
[Result "1-0"]
[WhiteElo "2191"]
[BlackElo "2059"]
[PlyCount "0"]
[WhiteTeam "Agrupacion"]
[BlackTeam "Jaque"]
[EventDate "2019.01.26"]

1. d4 d6 2. c4 e5 3. d5 f5 4. e4 Nf6 5. exf5 Bxf5 6. Nc3 Be7 7. Nge2 Na6 8. Ng3
Qd7 9. c5 Nb4 10. Nxf5 Qxf5 11. Qa4+ Nd7 12. Qxb4 Nxc5 13. Bb5+ c6 14. dxc6 O-O
15. O-O bxc6 16. Bxc6 Rab8 17. Qc4+ Kh8 18. Be4 Qg4 19. f3 Qh5 20. b4 Nd7 21.
Nd5 Rfc8 22. Qd3 Bd8 23. Be3 1-0

[Event "División de Honor Aragonesa 2019 - Encuentros por tableros Global"]
[Site ""]
[Date "2019.03.02"]
[Round "6.11"]
[White "Escartin Lacasa, Jose"]
[Black "Lacruz Algarate, Alvaro"]
[Result "0-1"]
[WhiteElo "1976"]
[BlackElo "2144"]
[PlyCount "0"]
[WhiteTeam "Jaque"]
[BlackTeam "Agrupacion"]
[EventDate "2019.01.26"]

1. d4 Nf6 2. Nf3 e6 3. Bf4 b6 4. e3 Bb7 5. Bd3 Be7 6. O-O O-O 7. h3 c5 8. c3
Ne4 9. Nbd2 f5 10. Qc2 Nxd2 11. Nxd2 d5 12. dxc5 bxc5 13. c4 d4 14. e4 Nc6 15.
exf5 Nb4 16. Qb1 Bg5 17. f6 Bxf4 18. Bxh7+ Kh8 19. fxg7+ Kxg7 20. Qg6+ Kh8 21.
Qh5 Qg5 22. Qxg5 Bxg5 23. Be4 Bxd2 24. Bxb7 Rab8 25. Be4 Na6 26. Rab1 Nc7 27.
Rfd1 Ba5 28. Rd3 Bc3 29. Rg3 Rxb2 30. Rxb2 Bxb2 31. Rb3 Bc1 32. Rb7 Ne8 33.
Rxa7 Nf6 34. Bd3 e5 35. f3 Kg8 36. Bf5 Nh5 37. g4 Nf4 38. h4 Rd8 39. Re7 d3 40.
Rxe5 d2 41. Bc2 d1=Q+ 42. Bxd1 Rxd1+ 43. Kh2 Nd3 44. Re8+ Kf7 45. Ra8 Bf4+ 46.
Kh3 Rd2 47. g5 Ne5 48. g6+ Kg7 0-1

[Event "División de Honor Aragonesa 2019 - Encuentros por tableros Global"]
[Site ""]
[Date "2019.03.02"]
[Round "6.12"]
[White "Moreno Martin-Viveros, Alvaro"]
[Black "Buisan Zaharia, Pedro"]
[Result "1-0"]
[WhiteElo "2082"]
[BlackElo "1918"]
[PlyCount "0"]
[WhiteTeam "Agrupacion"]
[BlackTeam "Jaque"]
[EventDate "2019.01.26"]

1. d4 d6 2. Nc3 Nf6 3. Bf4 Nbd7 4. Nf3 e6 5. e4 Be7 6. e5 dxe5 7. dxe5 Ng8 8.
Qe2 Bb4 9. Qc4 Bxc3+ 10. Qxc3 h6 11. O-O-O Ne7 12. Bc4 c6 13. Nd4 Nd5 14. Bxd5
cxd5 15. g4 Qe7 16. Rhg1 Qc5 17. Qh3 Nf8 18. Be3 Qa5 19. a3 Bd7 20. Nb3 Qc7 21.
f4 b6 22. Rd3 Rc8 23. Rc3 Qb7 24. Bd4 Ng6 25. f5 Ne7 26. Rf1 Rxc3 27. bxc3 exf5
28. gxf5 Nxf5 29. Rxf5 Bxf5 30. Qxf5 O-O 31. Nd2 Qa6 32. Kb2 Qb5+ 33. Ka2 Re8
34. Qf4 Re6 35. h4 a5 {ilegible} 1-0